| 000 | 00466nam a2200169Ia 4500 | ||
|---|---|---|---|
| 003 | GCL | ||
| 008 | 140319s9999 xx 000 0 eng d | ||
| 040 |
_aGCL / _cGCL |
||
| 082 | 0 | 4 |
_a693 _bP C |
| 100 | 1 | _aPERKINS, PHILLP H. | |
| 245 | 1 | 0 |
_aCONCRETE FLOORS FINISHES AND EXTERNAL PAVING / _cPERKINS, PHILLP H. |
| 260 |
_a[S.N] : _bBUTTERWORTH HEINEMANN ، _c1993 |
||
| 300 | _a169 P | ||
| 650 | 0 | 4 | _aCONCRETE |
| 650 | 0 | 4 | _aCONSTRUCTION ENGINEERING |
| 942 |
_2ddc _cBK |
||
| 999 |
_c21317 _d21317 |
||